| 000 -LEADER |
| fixed length control field |
00423nam a22001451a 4500 |
| 082 ## - DEWEY DECIMAL CLASSIFICATION NUMBER |
| Classification number |
M300 7 |
| Item number |
THO/N |
| 100 ## - MAIN ENTRY--PERSONAL NAME |
| Personal name |
Thomas M M |
| 9 (RLIN) |
142407 |
| 245 ## - TITLE STATEMENT |
| Title |
Novalum daivasasthravum (Theological readings on novels)/ |
| Statement of responsibility, etc. |
by Thomas M M |
| 260 ## - PUBLICATION, DISTRIBUTION, ETC. |
| Place of publication, distribution, etc. |
Ariyannur: |
| Name of publisher, distributor, etc. |
Patabhedam, |
| Date of publication, distribution, etc. |
1998. |
| 300 ## - PHYSICAL DESCRIPTION |
| Extent |
100p. |
| 650 ## - SUBJECT ADDED ENTRY--TOPICAL TERM |
| Topical term or geographic name entry element |
Novel Malayalam Study |
| 9 (RLIN) |
142408 |
| 650 ## - SUBJECT ADDED ENTRY--TOPICAL TERM |
| Topical term or geographic name entry element |
Literature Malayalam |
| 9 (RLIN) |
142409 |
| 650 ## - SUBJECT ADDED ENTRY--TOPICAL TERM |
| Topical term or geographic name entry element |
Literature |
| 9 (RLIN) |
142410 |
| 942 ## - ADDED ENTRY ELEMENTS (KOHA) |
| Koha item type |
Book |